Central Library OPAC University of Rajshahi

The Paston letters : (Record no. 20128)

MARC details
000 -LEADER
fixed length control field 00913nam a22002772a 4500
001 - CONTROL NUMBER
control field 20128
003 - CONTROL NUMBER IDENTIFIER
rucl marc code BD-RjUL
005 - DATE AND TIME OF LATEST TRANSACTION
control field 20211209000526.0
008 - FIXED-LENGTH DATA ELEMENTS--GENERAL INFORMATION
fixed length control field 140226s1963 enk 000 0 eng d
035 ## - SYSTEM CONTROL NUMBER
System control number OCLC ocm00272327 from D960711M
-- (BD-RjUL)20190
040 ## - CATALOGING SOURCE
Original cataloging agency DLC
Transcribing agency CSU
Modifying agency SER
-- UKM
-- BD-RjUL
Language of cataloging eng
041 ## - LANGUAGE CODE
Language code of text/sound track or separate title eng
082 ## - DEWEY DECIMAL CLASSIFICATION NUMBER
Classification number 942.04
Author mark and year PAS 1963
245 14 - TITLE STATEMENT
Title The Paston letters :
Remainder of title a selection, in modern spelling /
Statement of responsibility, etc. edited with an introd., notes, and glossary by Norman Davis
260 ## - PUBLICATION, DISTRIBUTION, ETC. (IMPRINT)
Place of publication, distribution, etc. London :
Name of publisher, distributor, etc. Oxford University Press,
Date of publication, distribution, etc. 1963.
300 ## - PHYSICAL DESCRIPTION
Pagination xxii, 288 p. ;
Size 16 cm
490 1# - SERIES STATEMENT
Series statement World's classics ;
Volume/sequential designation 591
650 ## - SUBJECT ADDED ENTRY--TOPICAL TERM
Topical term or geographic name as entry element Social life and customs
9 (RLIN) 62018
651 #0 - SUBJECT ADDED ENTRY--GEOGRAPHIC NAME
Geographic name Great Britain
General subdivision Social life and customs
9 (RLIN) 15889
700 1# - ADDED ENTRY--PERSONAL NAME
Personal name Davis, Norman,
Dates associated with a name 1913-
830 #0 - SERIES ADDED ENTRY--UNIFORM TITLE
Volume number/sequential designation 591
830 #0 - SERIES ADDED ENTRY--UNIFORM TITLE
Uniform title World's classics ;
942 ## - ADDED ENTRY ELEMENTS (KOHA)
Source of classification or shelving scheme Dewey Decimal Classification
Koha item type Books
Holdings
Lost status Source of classification or shelving scheme Damaged status Not for loan Collection code Permanent Location Current Location Shelving location Date acquired Source of acquisition Cost, normal purchase price Total Checkouts Full call number Date last seen Copy number Koha item type
  Dewey Decimal Classification   Not For Loan Non-fiction Central Library, University of Rajshahi Central Library, University of Rajshahi Reading Room 06/03/1973 Black well 80.00   942.04 PAS 1963 26/02/2014 C-2 Books